000
00292nam a2200121Ia 4500
008
151213s9999 xx 000 0 und d
245
_a
Lord Jeffrey
260
_a
Dhaka
_b
Friend Books
_c
1845
300
_a
5246 p.
650
_a
English Literature
650
_a
English Literature
999
_c
3238
_d
3238